عرض عادي
عرض مارك
- اضطرابات الشخصية.
مدخل مصطلح موضوعي
001 - رقم الضبط
- حقل الضبط: 14735
003 - معرف رقم الضبط
- حقل الضبط: OSt
005 - تاريخ ووقت أخر عملية
- حقل الضبط: 20120523102903.0
008 - عناصر بيانات ثابتة الطول
- حقل تحكم ثابت الطول: 120523|||a|||||| | ||| d
040 ## - مصدر الفهرسة
- هيئة الفهرسة الأصلية: OSt
- وكالة الكتابة: OSt
150 ## - مدخل-- مصطلح تاريخي
- عنصر مدخل المصطلح الموضوعي او الاسم الجغرافي: اضطرابات الشخصية.
670 ## - بيانات المصدر موجوده
- الاستشهاد بالمصدر: Work cat.: (OSt): إبراهيم، علا عبد الباقي. 14734, شخصية الإنسان :, 2012.
